000 01901nam a2200505 i 4500
001 30359
003 KOSZ 005
005 20220901092659.0
008 140714s1994 pl a f |000 0 pol
015 _aUWD 2014/29075
020 _a8385949402
035 _a991025283279705066
035 _a(PL-WaBN)b31152296-48omnis_nlop
035 _ab31152296
035 _a(OCoLC)891166528
035 _a(PL)b0000003115229
035 _a(EXLNZ-48OMNIS_NETWORK)9910191848705606
040 _aWA N
_cWA N
_dKOSZ 005/EG
046 _k1994
080 _a502.17
080 _a504
080 _a(438)
100 1 _aKalisz, Elżbieta
_eAutor
245 1 0 _aStan środowiska w województwie tarnobrzeskim w 1993 roku /
_caut. Elżbieta Kalisz, Barbara Kwiecińska, Mirosław Sałata.
260 _aWarszawa :
_bPaństwowa Inspekcja Ochrony Środowiska ;
_a[Tarnobrzeg :
_bWojewódzki Inspektorat Ochrony Środowiska],
_c1994.
300 _a80 s. :
_bil. (w tym kolor.) ;
_c24 cm.
336 _aTekst
_btxt
_2rdacontent
337 _aBez urządzenia pośredniczącego
_bn
_2rdamedia
338 _aWolumin
_bnc
_2rdacarrier
380 _aKsiążki
388 _a1901-2000
388 _a1989-2000
490 1 _aBiblioteka Monitoringu Środowiska
650 7 _aŚrodowisko człowieka
658 _aOchrona środowiska
651 7 _aTarnobrzeg (woj. podkarpackie ; okolice)
_2DBN
700 1 _aKwiecińska, Barbara
_eAutor
700 1 _aSałata, Mirosław
_eAutor
710 2 _aPaństwowa Inspekcja Ochrony Środowiska
_4pbl
710 2 _aWojewództwo Tarnobrzeskie
_bWojewódzki Inspektorat Ochrony Środowiska
_4pbl
830 0 _aBiblioteka Monitoringu Środowiska
856 _uhttp://koha.tu.koszalin.pl/cgi-bin/koha/opac-detail.pl?biblionumber=30359
_yKatalog online BPK
942 _2UKD
_cKS
999 _c30359
_d30359